000
00291nam a22001337a 4500
008
170725b xxu||||| |||| 00| 0 eng d
020
_a
443170051-X
041
_a
eng
080
_2
2ND
_a
004
100
_a
29
101
_a
SHK
245
_a
COMPUTER ANIMATION
_c
MAGNENAT,N
942
_2
udc
_c
BK
999
_c
21888
_d
21888